00534nmm a2200157Ia 4500008004100000020001800041041000800059100002700067245010000094264006600194300001800260650002300278856005100301942000700352999001700359251105s9999||||xx |||||||||||||||||und|| a9789561123915 aspa aMoya Cañas, Patricia 0aEl conocimiento : nuestro acceso al mundo :b Cinco estudios sobre filosofía del conocimiento a[Santiago de Chile, Chile] :bEditorial Universitaria, c2014 a194 páginas aPhilosophy, Ethics uhttps://public.digitaliapublishing.com/a/46620 cCF c94097d94097